000 00562nam a22001817a 4500
005 20180412151727.0
010 _aENG-122563
020 _a9788174792051
_c950.00
035 _aEN-106095
037 _bDBAD/PUB
082 _a305.56880954
100 _a
245 _aAmbedkar's thoughts on dalits politics and women empowerment /
_ced. by Binay Barman
260 _aNew Delhi
_bKaveri Books
_c2017
270 _a4832/24, Ansari Road, Darya Ganj,
_bNew Delhi
_e110002
300 _a290 p.
_c21cm.(Hb)
942 _2ddc
_cEN
_mAMB
_h305.56880954
999 _c151132
_d151132